LEADER 01123nam a2200265 a 4500 001 000000139006 003 CaOOAMICUS 005 20140626105151.0 008 140626s1960 sz u000 u ger r 040 $aPUL$bita 100 1 $aBoni, Guido.$0(OLS)http://pul/name/77955 245 14$aDas Sein in der schöpferischen Unmittelbarkeit und in der Reflexion /$cvon Guido Boni ; aus dem Italienischen übersetzt von Claus Riessner. 260 $aZürich :$bNiehans,$c1960. 300 $a834 p. ;$c23 cm 500 $aInclude indice. 504 $aBibliografia in nota. 650 4$aOntologia$xStudi.$0(OLS)http://pul/subject/23178 700 1 $aRiessner, Claus,$d1923-$0(OLS)http://pul/name/4601 850 $aPUL 852 $aPUL$W1$xDP1 Filosofia 1$y19$m590 I 31$j160485$qStampati$B159926$CPULBib$Z2$F159926 $H76 $82 941 1 $a8 961 $aEx libris: Dono del prof. Adolfo Plachy. 996 $6245$aDas Sein in der schöpferischen Unmittelbarkeit und in der Reflexion$9(OLS)http://pul/title/175985 996 $6260$aZürich :$bNiehans$9(OLS)http://pul/publisher/82773 LEADER 01387cam a2200325 a 4500 001 000000152094 003 CaOOAMICUS 005 20220624124442.0 008 160603s2010 dcu r 001 u eng r 020 $a9780813217260* 032 $aLibriCat 040 $aPUL$bita 041 1 $aeng$hger 082 04$a190.9 130 0 $aPhilosophen der Renaissance.$lInglese.$0(OLS)http://pul/title/191454 245 10$aPhilosophers of the Renaissance /$cedited by Paul Richard Blum ; translated by Brian McNeil. 260 $aWashington, D.C. :$bThe Catholic University of America,$c2010. 300 $avii, 323 p. ;$c23 cm. 504 $aBibliografia p. 275-308. 650 4$aFilosofia$xStoria$yRinascimento.$0(OLS)http://pul/subject/33704 700 1 $aBlum, Paul Richard.$0(OLS)http://pul/name/96787 700 1 $aMcNeil, Brian.$0(OLS)http://pul/name/53053 850 $aPUL 852 $aPUL$W1$xSL Filosofia 3$y81$m190. 9 BLUPA 1$j174839$qDDC 21$B177394$CPULBib$Z2$F177394 $H127817 $81 941 1 $a9 996 $6020$a9780813217260*$9(OLS)http://pul/number/160473 996 $6082$a190.9$9(OLS)http://pul/classification/654 996 $6245$aPhilosophers of the Renaissance$9(OLS)http://pul/title/191453 996 $6260$aWashington, D.C. :$bThe Catholic University of America$9(OLS)http://pul/publisher/62694